Democràcia i policia / Jaume Curbet
Publicado:
[Barcelona] :
Direcció General de Seguretat Ciutadana. Departament de Governació. Generalitat de Catalunya ,
1983
Descripción Física:
113 p. ; 20 cm
Colección:
Policia i societat ; 2
Materias:
Policia -- Catalunya
MARC
| LEADER | 00000nam a2200000Ia 4500 | ||
|---|---|---|---|
| 001 | 1539 | ||
| 008 | 160829s1983 xx 000 0 cat d | ||
| 080 | |a M-1-309 | ||
| 100 | |a Curbet, Jaume |9 24424 | ||
| 245 | |a Democràcia i policia / Jaume Curbet | ||
| 260 | |a [Barcelona] : |b Direcció General de Seguretat Ciutadana. Departament de Governació. Generalitat de Catalunya, |c 1983 | ||
| 300 | |a 113 p. ; |c 20 cm | ||
| 490 | |a Policia i societat ; 2 | ||
| 650 | |a Policia |x Catalunya |9 24427 | ||
| 901 | |a Arxiu | ||
| 942 | |n 1 | ||
| 952 | |0 0 |1 0 |4 0 |6 M1309 |7 1 |9 43150 |a Arxiu |b Arxiu |d 2016-12-01 |l 0 |o M-1-309 |p 1539 |r 2016-12-01 00:00:00 |w 2016-12-01 |y ARXIU | ||
| 999 | |c 45694 |d 45694 | ||